000 00958 a2200265 4500
005 20180313061554.0
008 130913s2009 xxuado fr|||| 001 0 eng d
020 _a9780071499927
040 _aCO-BoUCM
_bspa
_cJose A. Gerena (modificó)
_dAldemar Mondragón
041 0 0 _aeng
060 _aWL 100
100 1 _aRopper, Allan H.
_945108
245 1 0 _aAdams and Victor's principles of neurology
_cAllan H. Ropper, Martin A. Samuels
246 2 0 _aPrinciples of neurology
250 _a9th ed
260 _c2009
_bMcGraw-Hill
_aNueva York (Estados Unidos)
300 _ax, 1572 páginas
_bilustraciones, cuadros, fotografías
504 _aIncluye referencias bibliográficas e índices
650 2 _aEnfermedades del sistema nervioso
_914383
650 2 _aNeuroanatomía
_920281
650 2 _aNeuropsiquiatría
_920326
690 _942886
_aNeurología
700 1 _aSamuels, Martin A.
_945109
942 _a15
_cLIBRO
_e9
_mR785a
_2NLM
_hWL 140
_n0
999 _c180544
_d180544